| 000 | 00319nam a2200121 i 4500 | ||
|---|---|---|---|
| 001 | bg | ||
| 245 | 0 | _aMiędzynarodowe Seminarium Młodych Naukowców i Studentów Organizacji i Zarządzania. | |
| 260 |
_aWrocław, _c1979. |
||
| 040 | _cBPK | ||
| 041 | _apol | ||
| 942 | _cKS | ||
| 008 | s pl f |000 0 pol | ||
| 999 |
_c19064 _d19064 |
||
| 856 |
_uhttp://koha.tu.koszalin.pl/cgi-bin/koha/opac-detail.pl?biblionumber=19064 _yKatalog online BPK |
||